| 000 | 00738nam a22002657a 4500 | ||
|---|---|---|---|
| 008 | 130610b xxu||||| |||| 00| 0 eng d | ||
| 020 | _a81-7754-107-2 | ||
| 024 | _cAvailable | ||
| 037 | _cAvailable | ||
| 040 |
_aMBSTU LIBRARY _dMBSTU LIBRARY |
||
| 082 |
_222 _a664.07 WIT |
||
| 100 | _aWinton, Andrew L. | ||
| 110 | _aKate Barber Winton. | ||
| 245 | _aTechniques of food analysis. | ||
| 260 |
_aIndia _bAgrobios. _c2010 |
||
| 300 |
_a25 cm. _bix, 999 page. _f6 _g25 cm. |
||
| 600 | _2Food analysis. | ||
| 650 | _2Food analysis. | ||
| 700 | _aWinton, Andrew L. | ||
| 710 | _aKate Barber Winton. | ||
| 270 |
_aIndia _bIndia _dIndia |
||
| 365 |
_b2508.00 _d2508.00 |
||
| 942 |
_2ddc _cBK |
||
| 999 |
_c447 _d447 |
||